Welcome to CU Library Online Public Access Catalogue (OPAC)

International Banking: (Record no. 8956)

MARC details
000 -LEADER
fixed length control field 00419nam a22001577a 4500
005 - DATE AND TIME OF LATEST TRANSACTION
control field 20260311183130.0
008 - FIXED-LENGTH DATA ELEMENTS--GENERAL INFORMATION
fixed length control field 260311b |||||||| |||| 00| 0 eng d
020 ## - INTERNATIONAL STANDARD BOOK NUMBER
International Standard Book Number 9788189979027
050 ## - LIBRARY OF CONGRESS CALL NUMBER
Classification number HG3881 RED
100 ## - MAIN ENTRY--PERSONAL NAME
Personal name Reddy C. N.
245 ## - TITLE STATEMENT
Title International Banking:
Remainder of title Trade and Theory/
Statement of responsibility, etc. C. N. Reddy
260 ## - PUBLICATION, DISTRIBUTION, ETC.
Place of publication, distribution, etc. New Delhi
Name of publisher, distributor, etc. Pearl Books
Date of publication, distribution, etc. 2007
500 ## - GENERAL NOTE
General note Includes Index
650 ## - SUBJECT ADDED ENTRY--TOPICAL TERM
Source of heading or term Banking
942 ## - ADDED ENTRY ELEMENTS (KOHA)
Source of classification or shelving scheme Library of Congress Classification
Koha item type Books
Suppress in OPAC No
999 ## -
-- 8956
-- 8956
Holdings
Withdrawn status Lost status Source of classification or shelving scheme Damaged status Not for loan Collection Home library Current library Shelving location Date acquired Total checkouts Full call number Barcode Date last seen Copy number Price effective from Koha item type
    Library of Congress Classification     Non-fiction Business Library (Miotso) Business Library (Miotso) General stacks 03/11/2026   HG3881 RED BSSM00002561 03/11/2026 1 03/11/2026 Books
    Library of Congress Classification     Non-fiction Business Library (Miotso) Business Library (Miotso) General stacks 03/11/2026   HG3881 RED BSSM00002562 03/11/2026 2 03/11/2026 Books
    Library of Congress Classification     Non-fiction Business Library (Miotso) Business Library (Miotso) General stacks 03/11/2026   HG3881 RED BSSM00002563 03/11/2026 3 03/11/2026 Books
    Library of Congress Classification     Non-fiction Business Library (Miotso) Business Library (Miotso) General stacks 03/11/2026   HG3881 RED BSSM00002564 03/11/2026 4 03/11/2026 Books
© 2023-2024 Copyright: Central University Libraries. All Rights Reserved | Created by: Mahone Tech Office